000 01451nim a2200349 i 4500
001 197377
003 ES-MaACL
005 20250828062637.0
007 ss lsnjlcipnne
008 250424s1990 sp nnnn |||| 00| spa d
040 _bspa
_cES-MaACL
100 _9240630
_aRafter, Denis
_eaut
245 0 0 _aThe remarkable Oscar Wilde
_h[Grabación sonora] :
_bconferencia /
_cpor Oscar Wilde
260 _aMadrid :
_bAteneo de Madrid,
_c1991.
300 _a1 casete (ca. 90 min) :
_bson. ;
_c11 cm
490 1 _3Actos culturales en el Ateneo de Madrid
518 _aGrabado el 17 de mayo de 1991 en el Salón de Actos del Ateneo de Madrid.
520 _aConferencia sobre Oscar Wilde que fue un escritor, dramaturgo y poeta irlandés conocido por sus obras célebres como El retrato de Dorian Gray y La importancia de llamarse Ernesto.
540 _aDocumento inédito
594 _5Datos basados en la invitación.
600 1 4 _aWilde, Oscar,
_d1854-1900
_9241147
610 2 0 _aAteneo de Madrid-
_xActos culturales-
_y1991-
_vGrabaciones sonoras
_9240452
653 _aArchivo de la palabra
655 0 _aConferencias
_9234444
710 2 _91875
_aAteneo de Madrid
_ehis
710 0 _91538
_aAsociación Cultural Hispano-Irlandesa
_eclb
830 0 _aActos culturales en el Ateneo de Madrid
_9240237
852 _aES-MaACL
_cDEPOZ
_9205711
942 _2udc
_n0
_cCINTASAUD
999 _c197377
_d197377